|
|
|
|
| LEADER |
00000nab a2200000 a 4500 |
| 001 |
vtls000611378 |
| 003 |
SK-MaSNL |
| 005 |
20260304195251.0 |
| 008 |
250425c1997 xo 0 slo |
| 015 |
|
|
|a SNBRB19rr/mm-uuuuu
|
| 035 |
|
|
|a CL0611517
|
| 035 |
|
|
|a urn:nbn:sk:snk-abdpjl
|
| 035 |
|
|
|a (urnnbn)urn:nbn:sk:snk:ar-001qei
|
| 035 |
|
|
|a (uuid)df74300b-744c-488d-b299-45795b0bf019
|
| 040 |
|
|
|a SNKBUCL
|b slo
|c SNKBUCL
|e AACR2
|
| 041 |
0 |
|
|a slo
|
| 044 |
|
|
|a xo
|c SK
|
| 080 |
|
|
|a 72:061.3
|2 1981
|
| 100 |
1 |
|
|a Vojtková, Viera,
|d 1939-
|4 aut
|9 222293
|
| 245 |
1 |
0 |
|a Nitriansky workshop - dialóg medzi školami architektúry
|b Rozhovory pod Zoborom
|c Viera Vojtková, Anna Čapková
|
| 300 |
|
|
|b Obr. 2
|
| 650 |
0 |
7 |
|a architektúra
|2 snkbucl
|9 722
|
| 651 |
|
7 |
|a Európa
|2 snkbucl
|9 167569
|
| 655 |
|
7 |
|a články z novín a časopisov
|2 snkbucl
|9 267496
|
| 700 |
1 |
|
|a Čapková, Anna,
|d 1957-
|4 aut
|9 7212
|
| 773 |
0 |
|
|t Projekt
|g Roč. 39, č. 1 (1997), s. 7-8
|
| 850 |
|
|
|a Slovenská národná knižnica
|
| 852 |
|
|
|a Slovenská národná knižnica
|
| 954 |
|
|
|a odborná, vedecká literatúra pôvodná (slovenská)
|2 lita
|
| 958 |
|
|
|a article19
|
| 958 |
|
|
|a RK
|
| 958 |
|
|
|a OND
|
| 958 |
|
|
|a EUIPO
|
| 992 |
|
|
|a RBX
|
| 999 |
|
|
|c 3080585
|d 3082515
|